| 000 | 00388nab a22001097u 4500 | ||
|---|---|---|---|
| 008 | 130520b2004 xxu||||| |||| 00| 0 spa d | ||
| 041 | _aspa | ||
| 100 | 1 |
_aBiord Castillo, Horacio _971515 |
|
| 245 | 0 | 0 |
_aGuías pedagógicas indígenas para la educación intercultural bilingüe _cHoracio Biord Castillo |
| 773 | 0 |
_tAnthropos _gV.25, nº1-2,2004,págs. 79-100 _x0254-1629 _wRev38 |
|
| 942 | _cAR | ||
| 999 |
_c381450 _d381450 |
||